Study on financial performance and growth of cloudnine Hospital / (Record no. 231733)
[ view plain ]
| 000 -LEADER | |
|---|---|
| fixed length control field | 00520nam a22001577a 4500 |
| 003 - CONTROL NUMBER IDENTIFIER | |
| control field | OSt |
| 005 - DATE AND TIME OF LATEST TRANSACTION | |
| control field | 20240904153423.0 |
| 008 - FIXED-LENGTH DATA ELEMENTS--GENERAL INFORMATION | |
| fixed length control field | 240904b ||||| |||| 00| 0 eng d |
| 040 ## - CATALOGING SOURCE | |
| Transcribing agency | AIMIT LIBRARY |
| 100 ## - MAIN ENTRY--PERSONAL NAME | |
| Personal name | Shetty, Prajwal J. |
| Relator term | 2216133 |
| 9 (RLIN) | 178702 |
| 245 ## - TITLE STATEMENT | |
| Title | Study on financial performance and growth of cloudnine Hospital / |
| Statement of responsibility, etc. | By Prajwal J Shetty ; Guided by Poulami Saha. |
| 260 ## - PUBLICATION, DISTRIBUTION, ETC. | |
| Place of publication, distribution, etc. | Bengaluru ; |
| Date of publication, distribution, etc. | 2024. |
| 700 ## - ADDED ENTRY--PERSONAL NAME | |
| Personal name | Saha, Poulami. |
| Relator term | Guide |
| 9 (RLIN) | 178703 |
| 856 ## - ELECTRONIC LOCATION AND ACCESS | |
| Materials specified | Cloudnine |
| Link text | www.clodninecare.com |
| 942 ## - ADDED ENTRY ELEMENTS (KOHA) | |
| Source of classification or shelving scheme | Dewey Decimal Classification |
| Koha item type | Project Report |
| Withdrawn status | Lost status | Source of classification or shelving scheme | Damaged status | Not for loan | Collection code | Home library | Current library | Shelving location | Date acquired | Total Checkouts | Barcode | Date last seen | Copy number | Uniform Resource Identifier | Price effective from | Koha item type |
|---|---|---|---|---|---|---|---|---|---|---|---|---|---|---|---|---|
| Dewey Decimal Classification | Not for loan | MBA | St Aloysius Institute of Management & Information Technology | St Aloysius Institute of Management & Information Technology | Dissertations | 09/04/2024 | PRB02346 | 09/04/2024 | 2216133 | www.clodninecare.com | 09/04/2024 | Project Report |